|
|
|
|
| LEADER |
00000nam0a2200000 4500 |
| 001 |
237784 |
| 005 |
20231101231548.0 |
| 010 |
|
|
|a 9785699446490
|
| 035 |
|
|
|a (RuTPU)RU\TPU\book\258959
|
| 035 |
|
|
|a RU\TPU\book\257592
|
| 090 |
|
|
|a 237784
|
| 100 |
|
|
|a 20130517d2010 m y0rusy50 ca
|
| 101 |
1 |
|
|a rus
|c eng
|
| 102 |
|
|
|a RU
|
| 105 |
|
|
|a y z 000ay
|
| 200 |
1 |
|
|a Азенкур
|e пер. с англ.
|e роман
|f Б. Корнуэлл
|
| 210 |
|
|
|a Москва
|c Эксмо
|a Санкт-Петербург
|c Домино
|d 2010
|
| 215 |
|
|
|a 480 с.
|
| 225 |
1 |
|
|a Исторический роман
|
| 330 |
|
|
|a Азенкур. Место, где история стала легендой.Битва при Азенкуре — одна из ярчайших военных побед Англии. Увековеченная Шекспиром в хронике «Генрих V», неравная битва столкнула малочисленное измученное английское войско с полнокровной французской армией. В центре битвы оказывается один из тех простых воинов, чьими силами достигается небывалая победа: лучник Николас Хук сражается за своего короля, страну и любимую женщину...Захватывающий роман о войне воспринимается одновременно как блестящее историческое исследование и великолепный плод творческой фантазии — лучшее творение Бернарда Корнуэлла, автора признанных мировых бестселлеров «Саксонские хроники», романов о стрелке Ричарде Шарпе и многих других книг.
|
| 606 |
1 |
|
|a Английская литература
|2 stltpush
|3 (RuTPU)RU\TPU\subj\29042
|9 52454
|
| 610 |
1 |
|
|a романы
|
| 610 |
1 |
|
|a исторические романы
|
| 610 |
1 |
|
|a Англия
|
| 610 |
1 |
|
|a войны
|
| 610 |
1 |
|
|a приключения
|
| 675 |
|
|
|a 82
|v 3
|
| 700 |
|
1 |
|a Корнуэлл
|b Б.
|g Бернард
|
| 801 |
|
1 |
|a RU
|b 63413507
|c 20130424
|
| 801 |
|
2 |
|a RU
|b 63413507
|c 20130520
|g RCR
|
| 942 |
|
|
|c BK
|